000 00816cab a2200277 4500
001 ABS53708
008 090401t1995 xxu||||| |||| 00| 0 eng d
035 _a(Sirsi) u6093
041 _aeng
100 _aPatterson, A.
245 _aConverging forces raise prospects for expansion
260 _c1995
350 _a0
490 _aProperty Week
_v53(2) 12 October 1995, 16-17(2)
520 _aPredicts expansion in the property market, suggesting increasingly favourable conditions for recovery.
650 _aECONOMIC GROWTH
650 _aFORECASTS
650 _aINVESTMENT MARKET
650 _aINVESTMENT YIELDS
650 _aPROSPECTS
650 _aRECESSION
650 _aRENTAL VALUE
690 _aPROPERTY-COMMERCIAL PROPERTY-COMMERCIAL PROPERTY MARKET
942 _n0
948 _c04/03/1997
999 _c3656
_d3656